| 000 | 00370nam a22001577a 4500 | ||
|---|---|---|---|
| 008 | 250324b |||||||| |||| 00| 0 eng d | ||
| 020 | _a9780323677721 | ||
| 050 |
_aRT41 _b.P68 |
||
| 100 | _aPotter Patricia A. | ||
| 245 | _aFundamental's of nursing | ||
| 250 | _a10th | ||
| 260 |
_aMissouri _bElsevier _c2012 |
||
| 300 | _axvi,1424p | ||
| 650 | _aNursing | ||
| 942 | _cBK | ||
| 999 |
_c2615 _d2615 |
||